000 00382nam a2200169Ia 4500
001 23241
003 IN-NITTTR
005 20251114233301.0
008 251113s9999||||xx |||||||||||||| ||eng||
040 _beng
040 _cIN-NITTTR
041 _aeng
082 _a294.5924 S31
100 _aKaushik, Ashok
245 0 _aSrimad Bhagvad Gita /
_cKaushik, Ashok
942 _2ddc
_cBK
999 _c25870
_d25870